00737 2200253 4500001002100000005001700021008004100038020001800079035002400097082000800121090001500129100001800144245012300162250001100285260003500296300002500331500003100356650002000387700002900407850001500436980001100451985000600462999001500468YOGYA-0209000000608320090227020851.0 ind  a979-3049-11-1 0010-020900000006083 a190 a190bSam K aSAMRONI, Imam aKuasa Ilmu, Nalar Modernitas, dan Praktis PendidikancImam Samroni ; editor, Purwaningsih Setiandari, Betha Candrasari aCet. 1 aYogyakartabPustaka Rajac2002 aviii, 172 hlmc21 cm aBibliografi : hlm. 163-170 aFilsafat Modern aSetiandari, Purwaningsih aYOPDYOG(B) a010705 a1 a03P0004604